000
00260nam a22001097a 4500
082
_a
294
100
_a
Geeta Anand Kumar
_9
79964
245
_a
Hindu : Fasts & festivals
260
_a
Delhi
_b
Sahitya surbhi
_c
2019
650
_a
Hindu Religion
_9
350
942
_c
BK
999
_c
63496
_d
63496